Statistics for FELL IN LOVE - blink-182 Lyrics

Click here to take the quiz!

General Stats

  • This quiz has been taken 5 times
  • The average score is 27 of 290

Answer Stats

Answer% Correct
Fell
100%
Before
67%
Days
67%
Don't
67%
Drive
67%
Feelin'
67%
For
67%
For
67%
Home
67%
I
67%
I
67%
Kinda
67%
Late
67%
Lonely
67%
Me
67%
Miss
67%
Night
67%
No
67%
One's
67%
The
67%
Waitin'
67%
You
67%
A
33%
A
33%
And
33%
And
33%
And
33%
But
33%
But
33%
Cruel
33%
Fell
33%
Fell
33%
Fell
33%
Fell
33%
Fell
33%
Fell
33%
Fun
33%
Fun
33%
Hate
33%
Hearts
33%
In
33%
In
33%
In
33%
In
33%
In
33%
It
33%
Last
33%
Lines
33%
Love
33%
Love
33%
Love
33%
Love
33%
Love
33%
Overrated
33%
Then
33%
Time
33%
Was
33%
White
33%
You
33%
Again
0%
Again
0%
All
0%
All
0%
At
0%
At
0%
Be
0%
Be
0%
Bed
0%
Bed
0%
Break
0%
But
0%
Came
0%
Came
0%
Came
0%
Came
0%
Can
0%
Can
0%
Can
0%
Can
0%
Could
0%
Could
0%
Could
0%
Crazy
0%
Crazy
0%
Do
0%
Do
0%
Do
0%
Do
0%
Do
0%
Do
0%
Do
0%
Do
0%
Do
0%
Do
0%
Do
0%
Drunk
0%
Drunk
0%
Ever
0%
Ever
0%
Ex
0%
Ex
0%
First
0%
First
0%
Forget
0%
Forget
0%
Friends
0%
Friends
0%
Fucking
0%
Fucking
0%
Got
0%
Got
0%
Having
0%
Having
0%
Head
0%
Head
0%
Hello
0%
Hello
0%
Honestly
0%
Honestly
0%
How
0%
How
0%
I
0%
I
0%
I
0%
I
0%
I
0%
I
0%
I
0%
I
0%
In
0%
In
0%
In
0%
It
0%
It
0%
It's
0%
It's
0%
It's
0%
It's
0%
Layin'
0%
Layin'
0%
Layin'
0%
Layin'
0%
Love
0%
Made
0%
Made
0%
Me
0%
Me
0%
Met
0%
Met
0%
My
0%
My
0%
My
0%
My
0%
Needed
0%
Needed
0%
Needed
0%
Needed
0%
Never
0%
Never
0%
Night
0%
Night
0%
Night
0%
Nobody
0%
Now
0%
Now
0%
On
0%
On
0%
Only
0%
Only
0%
Out
0%
Out
0%
Over
0%
Over
0%
Party
0%
Party
0%
Playin'
0%
Playin'
0%
Pretend
0%
Pretend
0%
Remember
0%
Remember
0%
Remember
0%
Remember
0%
Remember
0%
Remember
0%
Remember
0%
Remember
0%
Remember
0%
Remember
0%
Remember
0%
Remember
0%
Remember
0%
Remember
0%
Sad
0%
Said
0%
Said
0%
Sex
0%
Sex
0%
Should
0%
Shoulder
0%
Shoulder
0%
Songs
0%
Songs
0%
Sun
0%
Sun
0%
That
0%
That
0%
That
0%
That
0%
The
0%
The
0%
The
0%
The
0%
The
0%
The
0%
The
0%
The
0%
The
0%
The
0%
The
0%
The
0%
The
0%
The
0%
The
0%
The
0%
Then
0%
Then
0%
'Till
0%
'Till
0%
Time
0%
Time
0%
TIme
0%
Time
0%
Time
0%
Time
0%
Time
0%
Time
0%
Time
0%
Time
0%
Time
0%
Time
0%
Time
0%
True
0%
Up
0%
Up
0%
We
0%
We
0%
We
0%
We
0%
We
0%
We
0%
We
0%
We
0%
We
0%
We
0%
We
0%
We
0%
We
0%
We
0%
We
0%
We
0%
We
0%
Were
0%
Were
0%
When
0%
When
0%
With
0%
With
0%
With
0%
With
0%
You
0%
You
0%
You
0%
You
0%
You
0%
You
0%
You
0%
You
0%
You
0%
You
0%
You
0%
You
0%
You
0%
You
0%
You
0%
You
0%
Your
0%
Your
0%
Your
0%
Your
0%

Score Distribution

Percentile by Number Answered

Percent of People with Each Score

Your Score History

You have not taken this quiz